El eúskera o el baskuenze en 120 lecciones
Guardado en:
| Autor principal: | |
|---|---|
| Otros Autores: | |
| Formato: | Desconocido |
| Lenguaje: | español |
| Publicado: |
Bilbao
La Propaganda)
s f
|
| Catálogo: | MANES: Resultados de Búsqueda del Catálogo |
| Clasificación de libros de texto: |
|
| Etiquetas: |
Agregar Etiqueta
Sin Etiquetas, Sea el primero en etiquetar este registro!
|
| Añadido a: | 2016-04-26 |
| Cambiado en: | 2024-11-20 |
MARC
| LEADER | 000000000a22000000004500 | ||
|---|---|---|---|
| 001 | 34550 | ||
| 003 | OSt | ||
| 005 | 20241121020258.0 | ||
| 008 | 160427s sp ||||| |||| 00| 0 spa d | ||
| 040 | |a manes |c manes | ||
| 041 | |a Español | ||
| 100 | 1 | |a Azkue Aberasturi, Resurrección María de |9 20125 | |
| 690 | 0 | |a LEN | |
| 700 | 1 | |a Propaganda, La |c imp. |9 20126 | |
| 245 | 0 | 0 | |a El eúskera o el baskuenze en 120 lecciones |
| 260 | 3 | |a Bilbao |b La Propaganda) |c s f | |
| 300 | |a 148, 29 p., 1 h. de lám. |c 21 cm | ||
| 691 | 0 | |a SE | |
| 942 | |2 ddc |c BK | ||
| 546 | |a España | ||
| 999 | |c 41548 |d 41548 | ||
| 999 | |c manes:41548 |d 41548 | ||